| 000 | 00841nam a2200229 i 4500 | ||
|---|---|---|---|
| 001 | 15183 | ||
| 003 | ES-MaACL | ||
| 005 | 20260213163043.0 | ||
| 007 | t| | ||
| 008 | 000114s1999 sp |||| | spa d | ||
| 080 | _a821.134.2 Miró, Gabriel 1.06(063) | ||
| 111 | 2 |
_aSimposio Internacional "Gabriel Miró" ( _n1º. _d1997. _cAlicante) _91076 |
|
| 245 | 1 | 0 |
_aActas del I Simposio Internacional "Gabriel Miró" / _c[coordinación, Miguel A. Lozano, Rosa Mª Monzó]. |
| 260 |
_a[Alicante] : _bCaja de Ahorros del Mediterráneo, _c[1999] |
||
| 300 |
_a431 p. ; _c24 cm. |
||
| 600 | 1 | 4 |
_aMiró, Gabriel- _vCongresos y asambleas. _9172408 |
| 700 | 1 |
_aLozano Marco, Miguel Ángel. _974456 |
|
| 700 | 1 |
_aMonzó, Rosa Mª. _982772 |
|
| 710 | 0 |
_aCaja de Ahorros del Mediterráneo _92294 |
|
| 852 |
_aES-MaACL _jL-22390 |
||
| 999 |
_c15183 _d15183 |
||